| 000 | 00613nam a2200193 u 4500 | ||
|---|---|---|---|
| 005 | 20221116063443.0 | ||
| 008 | 190128s2015 r 000 0 eng d | ||
| 020 | _a9789586827980 | ||
| 035 | _aUPN01000228646 | ||
| 049 | _aCG | ||
| 050 | 4 |
_aHD62.15 _bA3.5 |
|
| 245 | 0 | 0 |
_aAdministración por calidad / _cLuzángela Aldana de Vega ... [et al.]. |
| 260 |
_aBogotá : _bAlfaomega Colombiana : _bUniversidad de la Sabana, _c2015. |
||
| 300 |
_a341 p. : _btablas, gráfs. |
||
| 650 | 2 |
_aAdministración de calidad total _9437 |
|
| 700 | 1 |
_aAldana de Vega, Luzángela, _ecoaut. |
|
| 905 | _aLibro | ||
| 999 |
_c200741 _d200741 |
||